Catálogo
 En Linea

La expresión. (Registro nro. 40793)

Detalles MARC
000 -CABECERA
campo de control de longitud fija 00340nam a2200133 a 4500
001 - NÚMERO DE CONTROL
campo de control 000041303
005 - FECHA Y HORA DE LA ÚLTIMA TRANSACCIÓN
campo de control 20201002034754.0
008 - DATOS DE LONGITUD FIJA--INFORMACIÓN GENERAL
campo de control de longitud fija 130930s1972 000 spa d
040 ## - FUENTE DE LA CATALOGACIÓN
Centro catalogador/agencia de origen DO-SdBNP
Lengua de catalogación Spa
Centro/agencia transcriptor BNPHU
082 ## - NÚMERO DE LA CLASIFICACIÓN DECIMAL DEWEY
Número de documento/Ítem C355e
245 #3 - MENCIÓN DE TÍTULO
Título La expresión.
260 ## - PUBLICACIÓN, DISTRIBUCIÓN, ETC.
Lugar de publicación, distribución, etc. Caracas-- :
Nombre del editor, distribuidor, etc. Monte Avila editores,
Fecha de publicación, distribución, etc. 1972.
300 ## - DESCRIPCIÓN FÍSICA
Extensión 118 p. :
Otras características físicas 27 cm.
Existencias
Estado de retiro Estado de pérdida Restricciones de uso No para préstamo Código de colección Localización permanente Ubicación/localización actual Ubicación en estantería Fecha de adquisición Número de inventario Total de préstamos Signatura topográfica completa Código de barras Fecha visto por última vez Precio válido a partir de Tipo de ítem Koha
        Monografías: Libros y Folletos General General Orden iniciada 30.09.2013 LF1   C355e 41303-10 25.06.2020 25.06.2020 No se presta

Con tecnología Koha